Nuggets of nostalgia : (Record no. 101438)

MARC details
000 -LEADER
fixed length control field 00533nam a22001817a 4500
005 - DATE AND TIME OF LATEST TRANSACTION
control field 20160725114039.0
010 ## - LCCN (DPL NO)
LC control number ENG-115512
020 ## - INTERNATIONAL STANDARD BOOK NUMBER
International Standard Book Number 9789381588291
Terms of availability 195.00
035 ## - SYSTEM CONTROL NUMBER
System control number EN-99044
037 ## - SOURCE OF ACQUISITION
Source of stock number/acquisition DBAD/PUB
082 ## - DEWEY DECIMAL CLASSIFICATION NUMBER
Classification number S
100 ## - MAIN ENTRY--PERSONAL NAME
Personal name Ghose, Indranil
245 ## - TITLE STATEMENT
Title Nuggets of nostalgia :
Statement of responsibility, etc by Indranil Ghosh
Remainder of title the prescription for happiness /
260 ## - PUBLICATION, DISTRIBUTION, ETC. (IMPRINT)
Place of publication, distribution, etc New Delhi
Name of publisher, distributor, etc V & S Publishers
Date of publication, distribution, etc 2012
270 ## - ADDRESS
Address F-2/16,Ansari Road,Daryaganj
City New Delhi
Postal code 110002
300 ## - PHYSICAL DESCRIPTION
Extent 207p. :
Dimensions 21cm(pbk)
Other physical details ill
942 ## - ADDED ENTRY ELEMENTS (KOHA)
Source of classification or shelving scheme Dewey Decimal Classification
Item type English Books
Classification part S
Call number suffix GHO
Holdings
Withdrawn status Lost status Not for loan Collection code Home library Current library Date acquired Source of acquisition Cost, normal purchase price Full call number Barcode Copy number Cost, replacement price Koha item type
    Not For Loan Non-fiction D.B.Act.Division Bawana 25/07/2016 DBAD/PUB 195.00 S GHO EN-99044 1 195.00 English Books

© Delhi Public Library
Hit Counter
free hit counter